000 00720nam a22002177a 4500
005 20150409105028.0
010 _aENG-112497
020 _a9789383649211
_c880.00
035 _aEN-96029
037 _bDBAD/PUB
082 _a327.47058
100 _aMalashenko, Alexey
245 _aThe fight for influence :
_cby Alexey Malashenko
_bRussia in Central Asia /
260 _aNew Delhi
_bKW Publishers
_c2014(repr.)
270 _a4676/21, First Floor, Ansari Road, Daryaganj
_bNew Delhi
_e110002
300 _aviii,296p.
_c23cm(Hb)
500 _aIncludes index
650 _a Security, International
_zAsia, Central.
650 _a Muslims
_z Asia, Central.
942 _2ddc
_cEN
_mMAL
_h327.47058
999 _c92455
_d92455